000 01002nam a2200241 a 4500
001 70992
003 BD-RjUL
005 20211209082051.0
008 170423s1995 ii a|||| |||| 001 0 ben d
020 _a8172153597
_c: Tk. 40.00
035 _a(BD-RjUL)71206
040 _aBD-RjUL
_bben
_cBD-RjUL
_dBD-RjUL
041 _aben
082 _223
_a610
_bROU 1995
100 1 _aরায়, বিনয়ভূষণ
_9210057
245 1 0 _aউনিশ শতকে দেশীয় ভাষায় চিকিৎসাবিজ্ঞান-চর্চা /
_cবিনয়ভূষণ রায়
260 _aকলকাতা :
_bআনন্দ পাবলিশার্স প্রাইভেট লি.,
_c১৯৯৫
300 _a১৪৫ পৃ. :
_bচিত্র. ;
_c২৫ সেমি.
500 _aনির্ঘন্ট সংযুক্ত
650 _aচিকিৎসাবিজ্ঞান
_9210058
650 _aMedical science
_9162202
942 _2ddc
_cBK
999 _c70992
_d70992